Tilastot visalle Etelä-Afrikan maantiedettä

Klikkaa tästä pelataksesi tätä visaa!

Yleistilastot

  • Tätä visaa on pelattu 172 kertaa
  • Keskiarvotulos 11 / 20

Vastaustilastot

KysymysVastaus% Oikein
Mikä on Etelä-Afrikan väkirikkain kaupunki?Johannesburg
94%
Minkä Etelä-Afrikan naapurimaan nimi alkaa kirjaimella Z?Zimbabwe
93%
Mitkä ovat Etelä-Afrikan kolme pääkaupunkia?Kapkaupunki
87%
Mikä valtio on täysin Etelä-Afrikan ympäröimä?Lesotho
87%
Mitkä ovat Etelä-Afrikan kolme pääkaupunkia?Pretoria
86%
Mitä niemeä pidetään usein virheellisesti Afrikan eteläisimpänä paikkana?{Hyväntoivon}niemi
75%
Mikä Etelä-Afrikassa puhuttava kieli on lähtöisin hollannin kielestä?Afrikaans
72%
Mikä suuri aavikko sijaitsee maan pohjoisosissa?Kalahari
68%
Mitkä ovat Etelä-Afrikan kaksi yleisintä äidinkieltä?Zulu
65%
Mitkä ovat Etelä-Afrikan kolme pääkaupunkia?Bloemfontein
60%
Mikä Etelä-Afrikalle kuuluva saariryhmä sijaitsee 1769 kilometriä Afrikan mantereelta kaakkoon?Prinssi {Edwardin}
saaret
56%
Mitkä ovat Etelä-Afrikan kaksi yleisintä äidinkieltä?Xhosa
45%
Mikä on KwaZulu-Natalin provinssin väkirikkain kaupunki?Durban
42%
Millä saarella Nelson Mandela oli vankina 18 vuoden ajan?{Robben} Island
36%
Mikä on Etelä-Afrikan pisin joki?Oranje
34%
Mikä on Afrikan mantereen eteläisin merkittävä kaupunki?Port Elizabeth
32%
Mikä vuoristo sijaitsee yllä olevan valtion ja Etelä-Afrikan raja-alueilla?{Lohikäärme}vuoret
31%
Mikä niemi on oikeasti Afrikan eteläisin paikka?Cape {Agulhas}
21%
Mistä luonnonpuistosta tuli vuonna 1926 Etelä-Afrikan ensimmäinen kansallispuisto?Kruger
20%
Mikä on Etelä-Afrikassa käytetty termi Soweton kaltaiselle asutuskeskukselle, joita rakennettiin apartheidin aikana kaupunkien laitamille ei-valkoisille asukkaille?Township
20%

Tulosjakauma

Persentiili vastausten määrän mukaan

Jokaisen tuloksen saaneiden osuus

Tuloshistoriasi

Et ole pelannut tätä visaa